[Event "Quebec op"]
[Site "Montreal CAN"]
[Date "2016.07.26"]
[Round "5.14"]
[White "Allard, Laurent"]
[Black "Vorobev, Alexander"]
[Result "1/2-1/2"]
[WhiteElo "2040"]
[BlackElo "1900"]
[PlyCount "90"]
[EventDate "2016.07.23"]
[EventType "swiss"]
[EventRounds "8"]
[EventCountry "CAN"]

1. e4 e5 2. Nf3 Nc6 3. Bc4 Nf6 4. d3 Bc5 5. c3 d6 6. Bb3 a6 7. O-O Ba7 8. Re1
O-O 9. h3 h6 10. Nbd2 Nh5 11. Nf1 Qf6 12. Be3 Nf4 13. d4 Ne7 14. Ng3 Neg6 15.
Bc2 Nh4 16. Nxh4 Qxh4 17. Qf3 g6 18. Ne2 Nxe2+ 19. Qxe2 Kg7 20. Rad1 Be6 21.
dxe5 Bxe3 22. Qxe3 dxe5 23. Qc5 Qg5 24. h4 Qf6 25. Qxc7 Rfc8 26. Qb6 Bxa2 27.
Qxf6+ Kxf6 28. Rd7 Rab8 29. Red1 Be6 30. R1d6 Rc6 31. Ba4 Rxd6 32. Rxd6 b6 33.
Kf1 b5 34. Bc2 a5 35. Ra6 a4 36. Ke2 Kg7 37. Bd3 Rb7 38. Ra5 Bd7 39. Kd2 Kf6
40. Kc2 Rb6 41. c4 bxc4 42. Bxc4 Bc6 43. f3 Be8 44. Kc3 Rb8 45. Ra6+ Kg7
1/2-1/2

[Event "Quebec op"]
[Site "Montreal CAN"]
[Date "2016.07.26"]
[Round "5.15"]
[White "Gagnon, Serge"]
[Black "Barre, Michel"]
[Result "1/2-1/2"]
[WhiteElo "2013"]
[BlackElo "1942"]
[PlyCount "62"]
[EventDate "2016.07.23"]
[EventType "swiss"]
[EventRounds "8"]
[EventCountry "CAN"]

1. Nf3 Nf6 2. g3 d5 3. Bg2 Bg4 4. O-O Nbd7 5. d4 c6 6. Nbd2 e6 7. Re1 Be7 8. c3
O-O 9. Qb3 Qb6 10. Qxb6 axb6 11. Ne5 Nxe5 12. dxe5 Nd7 13. f4 b5 14. Nb3 b4 15.
e4 dxe4 16. cxb4 Bxb4 17. Bd2 Be7 18. Bxe4 Nc5 19. Nxc5 Bxc5+ 20. Be3 Bxe3+ 21.
Rxe3 Rfd8 22. Rb3 Rd7 23. Re1 g6 24. a3 Rad8 25. Bg2 Bf5 26. Bf3 Bc2 27. Rb4 h5
28. Re2 Bd1 29. Rf2 Kf8 30. Bxd1 Rxd1+ 31. Rf1 b5 1/2-1/2

[Event "Quebec op"]
[Site "Montreal CAN"]
[Date "2016.07.26"]
[Round "5.16"]
[White "Steinberg, Ellis"]
[Black "Cloutier, Mathieu"]
[Result "0-1"]
[WhiteElo "1581"]
[BlackElo "1993"]
[PlyCount "112"]
[EventDate "2016.07.23"]
[EventType "swiss"]
[EventRounds "8"]
[EventCountry "CAN"]

1. e4 c5 2. Nf3 d6 3. d4 cxd4 4. Nxd4 Nf6 5. Nc3 a6 6. h3 e5 7. Nb3 Be6 8. Bg5
Be7 9. Qd2 Nbd7 10. O-O-O b5 11. a3 Qc7 12. Kb1 Rc8 13. g4 Nb6 14. Bxf6 gxf6
15. Nd5 Bxd5 16. exd5 Nc4 17. Bxc4 bxc4 18. Na5 c3 19. Qxc3 Qxc3 20. bxc3 Rxc3
21. Kb2 Rf3 22. Rh2 h5 23. gxh5 Rxh5 24. Rd3 Rxd3 25. cxd3 f5 26. Kc3 Rh4 27.
Nc6 Bf6 28. Kc2 Rh5 29. Nb4 a5 30. Nc6 Rh4 31. Nxa5 Rd4 32. Nc4 Rxd5 33. h4 Rd4
34. f3 e4 35. fxe4 fxe4 36. Re2 d5 37. Nd6+ Kd7 38. Rf2 Bxh4 39. Rxf7+ Kxd6 40.
dxe4 Rxe4 41. Rh7 Be7 42. Kb3 Re3+ 43. Ka2 Kc5 44. Rh1 Kc4 45. Rc1+ Rc3 46. Re1
Rxa3+ 47. Kb2 Rb3+ 48. Ka2 Bf6 49. Re4+ Kc5 50. Rc4+ Kb5 51. Rd4 Ra3+ 52. Kxa3
Bxd4 53. Kb3 Be5 54. Kc2 Kc4 55. Kb1 Kd3 56. Kc1 Ke2 0-1

[Event "Quebec op"]
[Site "Montreal CAN"]
[Date "2016.07.26"]
[Round "5.17"]
[White "Forget, Luc"]
[Black "Nunez, Omar"]
[Result "0-1"]
[WhiteElo "1986"]
[BlackElo "1895"]
[PlyCount "48"]
[EventDate "2016.07.23"]
[EventType "swiss"]
[EventRounds "8"]
[EventCountry "CAN"]

1. e4 g6 2. d4 Bg7 3. Nf3 d6 4. c3 Nf6 5. Bd3 O-O 6. O-O c6 7. Nbd2 a5 8. a4
Na6 9. Re1 Qc7 10. Nf1 e5 11. Bd2 b6 12. h3 Bb7 13. Ng3 exd4 14. Nxd4 Nc5 15.
Bc4 Rae8 16. Qc2 d5 17. exd5 Nxd5 18. Bxd5 cxd5 19. Rxe8 Rxe8 20. Be3 Rxe3 21.
fxe3 Qxg3 22. Nf3 Ne4 23. Qe2 Bc8 24. Kf1 Ba6 0-1

[Event "Quebec op"]
[Site "Montreal CAN"]
[Date "2016.07.26"]
[Round "5.18"]
[White "Bouchard, Jean-Marc"]
[Black "Turcotte, Jonathan"]
[Result "0-1"]
[WhiteElo "1866"]
[BlackElo "1975"]
[PlyCount "74"]
[EventDate "2016.07.23"]
[EventType "swiss"]
[EventRounds "8"]
[EventCountry "CAN"]

1. d4 d5 2. g3 Nf6 3. Nf3 Bf5 4. Bg2 e6 5. Nh4 Be4 6. f3 Bg6 7. Nxg6 hxg6 8.
Bg5 c5 9. Bxf6 gxf6 10. e3 cxd4 11. exd4 Qb6 12. b3 Nc6 13. c3 Bg7 14. f4 Rd8
15. Na3 e5 16. Nc2 O-O 17. f5 exd4 18. Nxd4 Rfe8+ 19. Kf2 Re5 20. fxg6 fxg6 21.
Qd3 f5 22. Rhd1 Kh7 23. Bf3 Re4 24. Bxe4 dxe4 25. Qe3 Nxd4 26. cxd4 Bxd4 27.
Rxd4 Rxd4 28. Ke2 Qb5+ 29. Kf2 Qc5 30. Kg2 Qc2+ 31. Kh3 Rd2 32. Rh1 Qxa2 33.
Qg5 Qb2 34. Qh4+ Kg8 35. Qg5 Kf7 36. Qh6 Rd8 37. Qh7+ Qg7 0-1

[Event "Quebec op"]
[Site "Montreal CAN"]
[Date "2016.07.26"]
[Round "5.19"]
[White "Taborsky, Rostislav"]
[Black "Bora, Yagiz"]
[Result "1-0"]
[WhiteElo "2180"]
[BlackElo "1918"]
[PlyCount "105"]
[EventDate "2016.07.23"]
[EventType "swiss"]
[EventRounds "8"]
[EventCountry "CAN"]

1. d4 f5 2. g3 Nf6 3. Bg2 g6 4. Nh3 Bg7 5. Nf4 Nc6 6. d5 Ne5 7. Nc3 Nf7 8. e4
e5 9. dxe6 dxe6 10. Qxd8+ Kxd8 11. exf5 gxf5 12. O-O c6 13. Re1 Re8 14. Be3 e5
15. Nd3 Kc7 16. a4 a5 17. Rad1 Rb8 18. h3 b6 19. b4 axb4 20. Nxb4 Bb7 21. Rb1
Nd7 22. Red1 Ra8 23. Rb3 Nc5 24. Bxc5 bxc5 25. Nba2 Rad8 26. Rdb1 Bc8 27. Rb6
e4 28. g4 Rd2 29. gxf5 Rxc2 30. Bxe4 Rxe4 31. Nxe4 Rxa2 32. Nxc5 Bd4 33. Ne6+
Bxe6 34. Rb7+ Kd6 35. fxe6 Kxe6 36. Re1+ Ne5 37. Re4 Bxf2+ 38. Kf1 Kd5 39. Re2
Rxe2 40. Kxe2 Bd4 41. a5 Nc4 42. a6 Nb6 43. a7 Na8 44. Rxh7 Ke4 45. Rf7 Ke5 46.
Kd3 Ke6 47. Kxd4 Kxf7 48. Kc5 Ke7 49. Kxc6 Kd8 50. h4 Kc8 51. h5 Nc7 52. h6 Nb5
53. a8=Q# 1-0

[Event "Quebec op"]
[Site "Montreal CAN"]
[Date "2016.07.26"]
[Round "5.20"]
[White "Larochelle, Martial"]
[Black "Gauthier, Denis"]
[Result "1/2-1/2"]
[WhiteElo "2112"]
[BlackElo "1832"]
[PlyCount "120"]
[EventDate "2016.07.23"]
[EventType "swiss"]
[EventRounds "8"]
[EventCountry "CAN"]

1. d4 Nf6 2. c4 e6 3. Nc3 Bb4 4. e3 O-O 5. Nge2 d5 6. a3 Be7 7. cxd5 exd5 8.
Nf4 Re8 9. Bd3 c6 10. O-O Nbd7 11. f3 Nf8 12. Bc2 Ne6 13. e4 dxe4 14. Nxe6 Bxe6
15. fxe4 Bg4 16. Qd3 Bh5 17. e5 Bg6 18. Qd2 Nd5 19. Bb3 Nc7 20. Qf2 Qd7 21.
Bxf7+ Bxf7 22. Qxf7+ Kh8 23. Be3 Rf8 24. Qc4 b5 25. Qe2 a5 26. Rad1 b4 27. axb4
axb4 28. Rxf8+ Rxf8 29. Ne4 Qf5 30. Ng3 Qe6 31. Rc1 Nd5 32. Bd2 h6 33. Qe4 Bd8
34. h3 Bb6 35. Kh2 Rf2 36. Rf1 Rxf1 37. Nxf1 Qf7 38. Kg1 Qh5 39. e6 Nf6 40. Qf4
Nd5 41. Qe4 Nf6 42. Qf4 Nd5 43. Qf8+ Kh7 44. e7 Bxd4+ 45. Kh1 Nf6 46. Qc8 c5
47. Be3 Qe8 48. Qf5+ Qg6 49. Qf3 Qe8 50. Bxd4 cxd4 51. Qd3+ Kg8 52. Qc4+ Qf7
53. Qxb4 d3 54. Qd4 Qxe7 55. Qxd3 Qe1 56. Kg1 Ne4 57. Qe3 Qb4 58. b3 Kh8 59.
Ng3 Nc5 60. Nf5 Nxb3 1/2-1/2

[Event "Quebec op"]
[Site "Montreal CAN"]
[Date "2016.07.26"]
[Round "5.21"]
[White "Robichaud, Louis"]
[Black "Babb, Jeff"]
[Result "1/2-1/2"]
[WhiteElo "2056"]
[BlackElo "2096"]
[PlyCount "58"]
[EventDate "2016.07.23"]
[EventType "swiss"]
[EventRounds "8"]
[EventCountry "CAN"]

1. e4 e5 2. Nf3 Nc6 3. Bb5 a6 4. Ba4 Nf6 5. O-O Nxe4 6. d4 b5 7. Bb3 d5 8. dxe5
Be6 9. Qe2 Be7 10. Rd1 O-O 11. c4 bxc4 12. Bxc4 Bc5 13. Be3 Bxe3 14. Qxe3 Qb8
15. Bb3 Na5 16. Nbd2 Nxd2 17. Rxd2 Nxb3 18. axb3 Qa7 19. Qxa7 Rxa7 20. Rc2 Rb8
21. Nd4 Rb6 22. Rac1 g6 23. Rxc7 Rxc7 24. Rxc7 Rb4 25. Nxe6 fxe6 26. g3 Rxb3
27. Re7 Rb6 28. h4 h6 29. Ra7 Rxb2 1/2-1/2

[Event "Quebec op"]
[Site "Montreal CAN"]
[Date "2016.07.26"]
[Round "5.22"]
[White "Fan, Run Kun"]
[Black "Nikulich, Oleksandr"]
[Result "0-1"]
[WhiteElo "2094"]
[BlackElo "1984"]
[PlyCount "92"]
[EventDate "2016.07.23"]
[EventType "swiss"]
[EventRounds "8"]
[EventCountry "CAN"]

1. c4 f5 2. Nc3 Nf6 3. g3 g6 4. Bg2 Bg7 5. Nf3 d6 6. d3 e5 7. Bg5 c6 8. O-O O-O
9. Qd2 Qe7 10. Bh6 d5 11. Bxg7 Kxg7 12. cxd5 cxd5 13. e4 dxe4 14. dxe4 Nc6 15.
exf5 Bxf5 16. h3 Rad8 17. Qe3 Rd3 18. Qe2 e4 19. Rfe1 Qd7 20. Ng5 Nd4 21. Qf1
Nc2 22. g4 Nxa1 23. gxf5 Qxf5 24. Ngxe4 Nc2 25. Rc1 Nxe4 26. Nxe4 Rfd8 27. Qe2
Nb4 28. Nc5 Rd2 29. Qe7+ Kh8 30. Ne4 Rd1+ 31. Rxd1 Rxd1+ 32. Bf1 Nc6 33. Qe8+
Kg7 34. Ng3 Qxh3 35. Qe2 Qd7 36. b4 Qd2 37. Qg4 Qd7 38. Qe2 Rd6 39. b5 Nd4 40.
Qe5+ Rf6 41. Bg2 Qd6 42. Qg5 Nf3+ 43. Bxf3 Rxf3 44. Kg2 Rf7 45. a4 h6 46. Qg4
Kh7 0-1

[Event "Quebec op"]
[Site "Montreal CAN"]
[Date "2016.07.26"]
[Round "5.23"]
[White "Keesal, Sheldon"]
[Black "Johnson-Constantin, Matthieu"]
[Result "1-0"]
[WhiteElo "2043"]
[BlackElo "1869"]
[PlyCount "73"]
[EventDate "2016.07.23"]
[EventType "swiss"]
[EventRounds "8"]
[EventCountry "CAN"]

1. e4 e6 2. d4 d5 3. Nc3 Bb4 4. e5 Ne7 5. a3 Bxc3+ 6. bxc3 c5 7. Nf3 Nbc6 8. a4
Qc7 9. Ba3 cxd4 10. cxd4 Nf5 11. c3 Nxe5 12. dxe5 Qxc3+ 13. Nd2 Nd4 14. Bb5+
Bd7 15. Bxd7+ Kxd7 16. Ra2 Qd3 17. Bc5 Rhc8 18. Bxd4 Qxd4 19. O-O Qxe5 20. Nf3
Qf6 21. Qe2 a6 22. Ne5+ Kd6 23. Re1 Qf5 24. Qd2 Rc5 25. Qb4 Rac8 26. Qb6+ Ke7
27. Qxb7+ R8c7 28. Qb4 a5 29. Qa3 Ke8 30. Qd3 Rc1 31. Qb5+ Ke7 32. Rae2 Qf4 33.
Qxa5 R7c2 34. Rxc2 Rxc2 35. Qa7+ Kd6 36. Nxf7+ Kc6 37. Rxe6+ 1-0

[Event "Quebec op"]
[Site "Montreal CAN"]
[Date "2016.07.26"]
[Round "5.24"]
[White "Goldner, John"]
[Black "Gelet, Seymour"]
[Result "0-1"]
[WhiteElo "1818"]
[BlackElo "2011"]
[PlyCount "82"]
[EventDate "2016.07.23"]
[EventType "swiss"]
[EventRounds "8"]
[EventCountry "CAN"]

1. e4 c5 2. Nf3 Nc6 3. d4 cxd4 4. Nxd4 Nf6 5. Nc3 e5 6. Ndb5 d6 7. a4 a6 8. Na3
Be6 9. Bg5 Be7 10. Bc4 Nxe4 11. Nxe4 d5 12. Bxe7 Nxe7 13. Bb3 dxe4 14. Bxe6
fxe6 15. Qg4 Nf5 16. Qxe4 Qd4 17. Qxb7 O-O 18. O-O Ra7 19. Qb3 Raf7 20. Rad1
Qf4 21. Qxe6 Nd4 22. Qc4 Qg4 23. f3 Qg5 24. c3 Nf5 25. Nc2 Kh8 26. f4 Qh4 27.
b4 g5 28. Rd8 gxf4 29. Rxf8+ Rxf8 30. Qc5 Qf6 31. Re1 Re8 32. b5 Nh4 33. Rf1
Nxg2 34. Rf2 Nh4 35. Kf1 Qf5 36. Qc6 Rd8 37. Ke1 f3 38. Qxa6 Qf4 39. Kf1 Rd1+
40. Ne1 Rxe1+ 41. Kxe1 Qc1# 0-1

[Event "Quebec op"]
[Site "Montreal CAN"]
[Date "2016.07.26"]
[Round "5.25"]
[White "Saine, Zachary"]
[Black "Johnson, Nicholas"]
[Result "0-1"]
[WhiteElo "1680"]
[BlackElo "1992"]
[PlyCount "104"]
[EventDate "2016.07.23"]
[EventType "swiss"]
[EventRounds "8"]
[EventCountry "CAN"]

1. e4 e6 2. d4 d5 3. exd5 exd5 4. Nf3 Bg4 5. Bd3 Bd6 6. O-O Ne7 7. Re1 Nbc6 8.
c3 Qd7 9. b3 O-O-O 10. a4 Ng6 11. Be3 Rde8 12. h3 Bf5 13. Qc2 Bxd3 14. Qxd3 f5
15. Na3 a6 16. b4 Nce7 17. b5 a5 18. c4 Bxa3 19. Rxa3 dxc4 20. Qxc4 Nd5 21. Bd2
Rxe1+ 22. Bxe1 b6 23. Ne5 Nxe5 24. dxe5 g5 25. Rd3 Rd8 26. Bd2 Ne3 27. Rxe3
Qxd2 28. e6 Qd1+ 29. Kh2 Qd6+ 30. Kg1 Re8 31. Qc6 Qxc6 32. bxc6 Re7 33. Kf1 Kd8
34. Ke2 Rg7 35. Rd3+ Ke7 36. Rd7+ Kf6 37. Kd3 Re7 38. f3 Kxe6 39. Rd4 h5 40. g3
Rf7 41. Ke3 Kf6 42. f4 Re7+ 43. Kd3 gxf4 44. Rxf4 Re5 45. Rc4 Rc5 46. Rh4 Kg5
47. Rd4 Rxc6 48. Rd7 Rd6+ 49. Rxd6 cxd6 50. Ke3 Kf6 51. Kd4 Ke6 52. h4 d5 0-1

[Event "Quebec op"]
[Site "Montreal CAN"]
[Date "2016.07.26"]
[Round "5.26"]
[White "Lafleche, Alain"]
[Black "Dube, Daniel"]
[Result "1-0"]
[WhiteElo "1749"]
[BlackElo "1678"]
[PlyCount "45"]
[EventDate "2016.07.23"]
[EventType "swiss"]
[EventRounds "8"]
[EventCountry "CAN"]

1. e4 g6 2. d4 Bg7 3. Nc3 c6 4. Be3 d5 5. f3 dxe4 6. fxe4 Nf6 7. Be2 h5 8. h3
b5 9. e5 Ng8 10. Bf3 Qa5 11. a3 Be6 12. Nge2 a6 13. O-O Nh6 14. d5 Bd7 15. dxc6
Bxc6 16. Nd4 Qc7 17. Bxc6+ Nxc6 18. Qf3 Kd7 19. Rad1 Nxe5 20. Ndxb5+ Qd6 21.
Qb7+ Ke6 22. Nxd6 exd6 23. Qd5+ 1-0

[Event "Quebec op"]
[Site "Montreal CAN"]
[Date "2016.07.27"]
[Round "6.2"]
[White "Barbeau, Sylvain"]
[Black "Sambuev, Bator"]
[Result "0-1"]
[WhiteElo "2313"]
[BlackElo "2554"]
[PlyCount "48"]
[EventDate "2016.07.23"]
[EventType "swiss"]
[EventRounds "8"]
[EventCountry "CAN"]

1. d4 d5 2. c4 e6 3. Nc3 c5 4. e3 Nf6 5. Nf3 Nc6 6. a3 Ne4 7. Bd3 Nxc3 8. bxc3
dxc4 9. Bxc4 Be7 10. O-O O-O 11. e4 b6 12. Be3 Bb7 13. Qe2 Na5 14. Bd3 Rc8 15.
Rfd1 cxd4 16. cxd4 Rc3 17. d5 exd5 18. e5 Nb3 19. Ra2 Nc5 20. Bb1 Ne6 21. Nd4
g6 22. Nxe6 fxe6 23. Qg4 Kg7 24. Qxe6 Bc8 0-1

[Event "Quebec op"]
[Site "Montreal CAN"]
[Date "2016.07.27"]
[Round "6.3"]
[White "Hirschberg, Valerian"]
[Black "Durette, Francis"]
[Result "1-0"]
[WhiteElo "2329"]
[BlackElo "1897"]
[PlyCount "94"]
[EventDate "2016.07.23"]
[EventType "swiss"]
[EventRounds "8"]
[EventCountry "CAN"]

1. Nf3 Nf6 2. c4 g6 3. g3 Bg7 4. Bg2 O-O 5. d4 d6 6. Nc3 Nc6 7. O-O Bf5 8. d5
Na5 9. Nd4 Bd7 10. b3 c5 11. dxc6 bxc6 12. Bb2 Rb8 13. Rb1 c5 14. Nc2 Nc6 15.
Ne3 Qa5 16. Qd2 Rfe8 17. Rfd1 Nd4 18. Ba1 Bh6 19. Ncd5 Qxd2 20. Rxd2 Nxd5 21.
cxd5 e5 22. Rdb2 Bb5 23. Ng4 Bg7 24. Bf1 f5 25. Ne3 f4 26. Nc4 Rbd8 27. Rd2 Bh6
28. gxf4 Bxf4 29. Rdd1 Bg5 30. e3 Nf3+ 31. Kh1 Bh4 32. Nxd6 Bxf1 33. Nxe8 Be2
34. Nc7 Ng5 35. Rd2 Bf3+ 36. Kg1 Bg4 37. Rc2 Bf5 38. Rbc1 Nf3+ 39. Kg2 Bxc2 40.
Kxf3 Bd3 41. Bxe5 Rf8+ 42. Bf4 g5 43. Ne6 Rf6 44. Nxg5 Bxg5 45. Rg1 h6 46. h4
Bg6 47. hxg5 h5 1-0

[Event "Quebec op"]
[Site "Montreal CAN"]
[Date "2016.07.27"]
[Round "6.4"]
[White "Voskanyan, Vahagn"]
[Black "Malek, Omid"]
[Result "1-0"]
[WhiteElo "2208"]
[BlackElo "2053"]
[PlyCount "81"]
[EventDate "2016.07.23"]
[EventType "swiss"]
[EventRounds "8"]
[EventCountry "CAN"]

1. Nf3 Nf6 2. c4 c5 3. d4 cxd4 4. Nxd4 a6 5. Nc3 e6 6. Nc2 Qc7 7. e4 Be7 8. Be2
d6 9. Qd3 Nbd7 10. Qg3 b6 11. Ne3 Bb7 12. f3 O-O 13. h4 Rac8 14. h5 Rfd8 15.
Qh3 d5 16. exd5 exd5 17. cxd5 Bb4 18. Bd2 Nxd5 19. Nexd5 Bxd5 20. O-O Bb7 21.
Rad1 Nf8 22. Qg4 Bc5+ 23. Kh1 Bd4 24. Bg5 f6 25. Rxd4 Rxd4 26. Qxd4 fxg5 27.
Rd1 Qf7 28. Qg4 h6 29. Rd6 b5 30. Bd3 b4 31. Bg6 Qc4 32. Qxc4+ Rxc4 33. Ne4
Nxg6 34. hxg6 Kf8 35. Ng3 g4 36. Nf5 Rc8 37. fxg4 Bc6 38. Nd4 Be4 39. Rxa6 Rc1+
40. Kh2 Ke7 41. Re6+ 1-0

[Event "Quebec op"]
[Site "Montreal CAN"]
[Date "2016.07.27"]
[Round "6.5"]
[White "Bolduc, Steve"]
[Black "Rodrigue-Lemieux, Shawn"]
[Result "1-0"]
[WhiteElo "2194"]
[BlackElo "2003"]
[PlyCount "83"]
[EventDate "2016.07.23"]
[EventType "swiss"]
[EventRounds "8"]
[EventCountry "CAN"]

1. d4 d5 2. Bg5 Nf6 3. Bxf6 exf6 4. e3 Bf5 5. Nd2 Bd6 6. g3 O-O 7. Bg2 c6 8.
Ne2 Re8 9. O-O Qd7 10. Re1 Na6 11. a3 Bh3 12. Nf4 Bxf4 13. gxf4 Nc7 14. Qf3
Bxg2 15. Kxg2 Qf5 16. Rac1 Nb5 17. Nf1 Qe4 18. Qxe4 Rxe4 19. c4 dxc4 20. Rxc4
Rae8 21. Rec1 Nd6 22. Rc5 R4e7 23. Ng3 Ne4 24. Nxe4 Rxe4 25. b4 R4e7 26. a4 a6
27. h4 g6 28. Kf3 f5 29. Ke2 f6 30. Kd3 Kf7 31. b5 axb5 32. axb5 cxb5 33. Rxb5
Rd8 34. Rcb1 Rdd7 35. d5 Ke8 36. f3 Kd8 37. Kd4 Kc8 38. e4 fxe4 39. fxe4 h6 40.
Rb6 Rf7 41. Rg1 Kc7 42. Re6 1-0

[Event "Quebec op"]
[Site "Montreal CAN"]
[Date "2016.07.27"]
[Round "6.6"]
[White "Berube, Antoine"]
[Black "Wenaas, Eric"]
[Result "1/2-1/2"]
[WhiteElo "2129"]
[BlackElo "2156"]
[PlyCount "51"]
[EventDate "2016.07.23"]
[EventType "swiss"]
[EventRounds "8"]
[EventCountry "CAN"]

1. d4 d5 2. c4 e6 3. Nc3 Nf6 4. cxd5 exd5 5. Bg5 Be7 6. e3 c6 7. Bd3 O-O 8. Qc2
Nbd7 9. Nge2 Re8 10. O-O Nf8 11. f3 Nh5 12. Bxe7 Qxe7 13. e4 Be6 14. e5 g6 15.
f4 Ng7 16. Ng3 f6 17. Na4 fxe5 18. fxe5 Qb4 19. Ne2 Bf5 20. Bxf5 Nxf5 21. Rxf5
gxf5 22. Nc5 Re7 23. Rf1 b6 24. Nd3 Qb5 25. Ndf4 Ng6 26. Nh5 1/2-1/2

[Event "Quebec op"]
[Site "Montreal CAN"]
[Date "2016.07.27"]
[Round "6.7"]
[White "Soudre, Nicolas"]
[Black "Tremblay, Alain"]
[Result "1-0"]
[WhiteElo "2084"]
[BlackElo "2044"]
[PlyCount "55"]
[EventDate "2016.07.23"]
[EventType "swiss"]
[EventRounds "8"]
[EventCountry "CAN"]

1. e4 e5 2. f4 d5 3. exd5 exf4 4. Nf3 Nf6 5. c4 c6 6. d4 Bb4+ 7. Nc3 cxd5 8.
Bxf4 O-O 9. Be2 dxc4 10. O-O Nc6 11. Bxc4 Bg4 12. a3 Bd6 13. Bg5 Be7 14. Be3
Rc8 15. Ba2 Bh5 16. Kh1 Bd6 17. Bg5 Be7 18. Be3 Bd6 19. Qd2 Re8 20. Rae1 Na5
21. Bg5 Rxe1 22. Rxe1 Bxf3 23. gxf3 h6 24. Bh4 Nc6 25. Nd5 Be7 26. Nxe7+ Nxe7
27. Bxf6 gxf6 28. Qxh6 1-0

[Event "Quebec op"]
[Site "Montreal CAN"]
[Date "2016.07.27"]
[Round "6.8"]
[White "Cloutier, Mathieu"]
[Black "Caire, Francois"]
[Result "0-1"]
[WhiteElo "1993"]
[BlackElo "2161"]
[PlyCount "90"]
[EventDate "2016.07.23"]
[EventType "swiss"]
[EventRounds "8"]
[EventCountry "CAN"]

1. e4 e5 2. Nf3 Nc6 3. Bb5 a6 4. Ba4 Nf6 5. O-O Be7 6. Re1 b5 7. Bb3 O-O 8. h3
Bb7 9. d3 d6 10. c3 Na5 11. Bc2 c5 12. Nbd2 Re8 13. a4 Nc6 14. Bb3 h6 15. Nf1
Bf8 16. g4 Nh7 17. axb5 axb5 18. Rxa8 Bxa8 19. Ng3 Na5 20. Ba2 Be7 21. Nf5 Ng5
22. Nxe7+ Qxe7 23. Nxg5 hxg5 24. Qd2 c4 25. dxc4 bxc4 26. Qxg5 f6 27. Qg6 d5
28. exd5 Bxd5 29. Bb1 Nb3 30. Bh6 Kf8 31. g5 f5 32. Qxf5+ Qf7 33. Bxg7+ Kxg7
34. Qh7+ Kf8 35. Qh8+ Qg8 36. Qh6+ Ke7 37. Rxe5+ Kd7 38. Bf5+ Kc7 39. Bh7 Qf7
40. Rf5 Qd7 41. Qh4 Re1+ 42. Kh2 Rh1+ 43. Kg3 Rg1+ 44. Kh2 Rg2+ 45. Kh1 Rg4+
0-1

[Event "Quebec op"]
[Site "Montreal CAN"]
[Date "2016.07.27"]
[Round "6.9"]
[White "Libersan, Thierry"]
[Black "Nunez, Omar"]
[Result "1/2-1/2"]
[WhiteElo "2043"]
[BlackElo "1895"]
[PlyCount "137"]
[EventDate "2016.07.23"]
[EventType "swiss"]
[EventRounds "8"]
[EventCountry "CAN"]

1. d4 Nf6 2. Nf3 g6 3. g3 Bg7 4. Bg2 c5 5. c4 O-O 6. O-O cxd4 7. Nxd4 Nc6 8.
Nc3 Nxd4 9. Qxd4 d6 10. Qd3 Nd7 11. b3 Nc5 12. Qd2 Bd7 13. Bb2 Bc6 14. e4 a5
15. Rab1 Qd7 16. Rfe1 e6 17. Rbd1 Rfd8 18. h4 h6 19. Re2 Qe7 20. Nd5 Bxd5 21.
Bxg7 Kxg7 22. exd5 e5 23. f4 f6 24. Rf1 Rf8 25. fxe5 fxe5 26. Rxf8 Rxf8 27.
Qxa5 Qf6 28. Qd2 Qf5 29. Rf2 Qb1+ 30. Kh2 Rxf2 31. Qxf2 b6 32. g4 Qc1 33. Kh3
Qc3+ 34. Kh2 e4 35. Qg3 Qf6 36. g5 hxg5 37. hxg5 Qe7 38. Qe3 Qe5+ 39. Qg3 Qf5
40. Bh3 Qf8 41. Qh4 Qe8 42. b4 Qe5+ 43. Qg3 Qb2+ 44. Bg2 Qxb4 45. Qxd6 Qb2 46.
Qe7+ Kg8 47. Qe8+ Kg7 48. d6 Qd4 49. Qe7+ Kg8 50. a3 Qh8+ 51. Kg3 Qc3+ 52. Kg4
Qd4 53. Qe8+ Kg7 54. Qe7+ Kg8 55. Qd8+ Kg7 56. Qe7+ Kg8 57. Qd8+ Kg7 58. Qe7+
Kg8 59. Qf6 Qxf6 60. gxf6 Kf7 61. Kg5 Ne6+ 62. Kg4 Kxf6 63. Bxe4 Ke5 64. Bxg6
Kxd6 65. Kf3 Kc5 66. Ke3 b5 67. cxb5 Kxb5 68. Bc2 Ka5 69. Bb3 1/2-1/2

[Event "Quebec op"]
[Site "Montreal CAN"]
[Date "2016.07.27"]
[Round "6.11"]
[White "Prahov, Valentin"]
[Black "Huang, Qiuyu"]
[Result "0-1"]
[WhiteElo "2188"]
[BlackElo "1964"]
[PlyCount "76"]
[EventDate "2016.07.23"]
[EventType "swiss"]
[EventRounds "8"]
[EventCountry "CAN"]

1. e4 c5 2. d4 cxd4 3. c3 d5 4. exd5 Qxd5 5. cxd4 Nc6 6. Nf3 Bg4 7. Nc3 Bxf3 8.
Nxd5 Bxd1 9. Nc7+ Kd7 10. Nxa8 Bh5 11. d5 Nd4 12. Be3 Nc2+ 13. Kd2 Nxe3 14.
fxe3 Nf6 15. Rc1 Ne4+ 16. Kd3 Nf2+ 17. Kd4 g5 18. e4 Bg7+ 19. e5 Rxa8 20. Bb5+
Kd8 21. Rhe1 a6 22. Bf1 f6 23. h3 g4 24. Be2 Bg6 25. hxg4 fxe5+ 26. Ke3 Ne4 27.
Rcd1 Bh6+ 28. Kf3 Kd7 29. g3 Rf8+ 30. Kg2 Nf2 31. g5 Bxg5 32. Rf1 Be4+ 33. Kg1
Be3 34. Rxf2 Rxf2 35. Bg4+ Kd6 36. Re1 Re2+ 37. Kf1 Rxe1+ 38. Kxe1 Bxd5 0-1

[Event "Quebec op"]
[Site "Montreal CAN"]
[Date "2016.07.27"]
[Round "6.12"]
[White "Doubleday, William"]
[Black "Taborsky, Rostislav"]
[Result "1/2-1/2"]
[WhiteElo "1981"]
[BlackElo "2180"]
[PlyCount "102"]
[EventDate "2016.07.23"]
[EventType "swiss"]
[EventRounds "8"]
[EventCountry "CAN"]

1. d4 Nf6 2. c4 e6 3. Nc3 Bb4 4. e3 O-O 5. Nge2 d5 6. a3 Bd6 7. cxd5 exd5 8. g3
Re8 9. Bg2 c6 10. Qc2 g6 11. f3 c5 12. O-O Nc6 13. Rd1 Bf5 14. e4 dxe4 15. fxe4
Nxd4 16. Nxd4 cxd4 17. exf5 dxc3 18. Bf3 Qb6+ 19. Kg2 cxb2 20. Qxb2 Qxb2+ 21.
Bxb2 Be5 22. Bxe5 Rxe5 23. fxg6 hxg6 24. Bxb7 Re2+ 25. Kg1 Rb8 26. Bf3 Re3 27.
Rf1 Kg7 28. a4 Rbb3 29. Kg2 Ra3 30. Rxa3 Rxa3 31. Bc6 Ng4 32. Rb1 Ra2+ 33. Kg1
Ne5 34. Rc1 Nxc6 35. Rxc6 Rxa4 36. Kg2 Re4 37. Ra6 Re7 38. h4 Kf8 39. Kf3 Ke8
40. Kf4 Kd8 41. g4 Kc8 42. h5 Kb7 43. Rf6 gxh5 44. gxh5 a5 45. h6 a4 46. h7 Re8
47. Rxf7+ Kb6 48. Kg5 Kb5 49. Kg6 a3 50. Ra7 Kb4 51. Kg7 Kb3 1/2-1/2

[Event "Quebec op"]
[Site "Montreal CAN"]
[Date "2016.07.27"]
[Round "6.13"]
[White "Luksza, Arkadiusz"]
[Black "Jacquet, Stephane"]
[Result "1/2-1/2"]
[WhiteElo "2129"]
[BlackElo "1969"]
[PlyCount "133"]
[EventDate "2016.07.23"]
[EventType "swiss"]
[EventRounds "8"]
[EventCountry "CAN"]

1. d4 d5 2. c4 dxc4 3. Nc3 e5 4. e3 exd4 5. exd4 Nf6 6. Bxc4 Be7 7. h3 O-O 8.
Nf3 Nc6 9. O-O Bf5 10. Re1 Nb4 11. Re2 h6 12. a3 Nc6 13. d5 Na5 14. Ba2 b6 15.
Nd4 Bd7 16. b4 c5 17. Nc2 cxb4 18. axb4 Nb7 19. Bf4 Bd6 20. Qd2 Rc8 21. Bxd6
Nxd6 22. Ne3 Qc7 23. Ned1 Bf5 24. Bb3 Qd7 25. Ne3 Bxh3 26. gxh3 Qxh3 27. Ree1
Ng4 28. Bd1 Nc4 29. Bxg4 Qxg4+ 30. Nxg4 Nxd2 31. Re3 Rc4 32. Ne5 Rxb4 33. Rd3
Nc4 34. Rxa7 Nxe5 35. Rd1 Rd8 36. d6 Rd4 37. Rxd4 Nf3+ 38. Kg2 Nxd4 39. d7 Kf8
40. Nd5 Ne6 41. Nb4 Nd4 42. Nd5 f6 43. Nxb6 Ke7 44. Ra4 Ne6 45. Ra7 Nc5 46.
Nd5+ Kd6 47. Nf4 Rxd7 48. Ra1 Ne6 49. Rd1+ Ke7 50. Ng6+ Ke8 51. Re1 Kf7 52. Nh4
g6 53. Nxg6 Kxg6 54. Rxe6 h5 55. Re3 h4 56. Ra3 Kg5 57. Ra5+ f5 58. Ra3 Re7 59.
Rb3 Kg4 60. Rb4+ Kg5 61. Ra4 Re4 62. Ra8 Rg4+ 63. Kf3 Rb4 64. Rg8+ Kf6 65. Rf8+
Ke5 66. Re8+ Kf6 67. Rf8+ 1/2-1/2

[Event "Quebec op"]
[Site "Montreal CAN"]
[Date "2016.07.27"]
[Round "6.14"]
[White "Poulin, Maurice"]
[Black "Allard, Laurent"]
[Result "1-0"]
[WhiteElo "1954"]
[BlackElo "2040"]
[PlyCount "41"]
[EventDate "2016.07.23"]
[EventType "swiss"]
[EventRounds "8"]
[EventCountry "CAN"]

1. e4 c5 2. Nf3 d6 3. Bb5+ Bd7 4. Bxd7+ Qxd7 5. c4 Nc6 6. O-O Nf6 7. Nc3 g6 8.
d4 cxd4 9. Nxd4 Bg7 10. Nc2 O-O 11. b3 Nxe4 12. Nxe4 Bxa1 13. Nxa1 Rfd8 14. Nc3
Qf5 15. Nc2 Ne5 16. Nd5 Rd7 17. f4 Ng4 18. h3 Nf6 19. Nce3 Qe4 20. Nxf6+ exf6
21. Nd5 1-0